| 000 | 00450nam a2200181Ia 4500 | ||
|---|---|---|---|
| 005 | 20250603145932.0 | ||
| 008 | 250603s9999 xx 000 0 und d | ||
| 020 | _a9781361174 | ||
| 050 | _aP 40 .45 .N6 .A35/ | ||
| 100 | _aAkindele, Femi | ||
| 245 | 4 | _aThe sociology and politics of english in Nigeria: an introduction | |
| 260 | _aile-ife | ||
| 260 | _bO.A.U Press | ||
| 260 | _c2005 | ||
| 300 | _a176 p | ||
| 650 | _aile-ife | ||
| 942 | _cBK | ||
| 999 |
_c43288 _d43288 |
||